<?xml version="1.0" encoding="UTF-8"?>
<record
    xmlns:xsi="http://www.w3.org/2001/XMLSchema-instance"
    xsi:schemaLocation="http://www.loc.gov/MARC21/slim http://www.loc.gov/standards/marcxml/schema/MARC21slim.xsd"
    xmlns="http://www.loc.gov/MARC21/slim">

  <leader>01184nam a2200265 i 4500</leader>
  <controlfield tag="001">147312</controlfield>
  <controlfield tag="003">ES-MaACL</controlfield>
  <controlfield tag="005">20250603173408.0</controlfield>
  <controlfield tag="007">t|</controlfield>
  <controlfield tag="008">070927s1904    sp           ||||1| spa d</controlfield>
  <datafield tag="100" ind1="1" ind2=" ">
    <subfield code="a">Ugarte y Pag&#xE9;s, Javier.</subfield>
    <subfield code="9">111900</subfield>
  </datafield>
  <datafield tag="245" ind1="1" ind2="3">
    <subfield code="a">El problema social agrario en Espa&#xF1;a </subfield>
    <subfield code="b">: segunda conferencia  sobre el referido tema dada en el Ateneo de Madrid ante S.M. el rey D. Alfonso XIII / </subfield>
    <subfield code="c">por el Excmo. Sr. D. Javier Ugarte y Pag&#xE9;s, el 23 de mayo de 1904.</subfield>
  </datafield>
  <datafield tag="260" ind1=" " ind2=" ">
    <subfield code="a">Madrid : </subfield>
    <subfield code="b">[s.n.], </subfield>
    <subfield code="c">1904 (</subfield>
    <subfield code="f">Imp. de los Hijos de M.G. Hern&#xE1;ndez)</subfield>
  </datafield>
  <datafield tag="300" ind1=" " ind2=" ">
    <subfield code="a">35 p. ; </subfield>
    <subfield code="c">22 cm.</subfield>
  </datafield>
  <datafield tag="530" ind1=" " ind2=" ">
    <subfield code="a">Disponible en formato digital.</subfield>
  </datafield>
  <datafield tag="594" ind1=" " ind2=" ">
    <subfield code="a">Precede al t&#xED;t.: C&#xE1;mara agr&#xED;cola de Madrid y Asociaci&#xF3;n de Agricultura de Espa&#xF1;a.</subfield>
  </datafield>
  <datafield tag="610" ind1="2" ind2="4">
    <subfield code="a">Ateneo de Madrid-</subfield>
    <subfield code="v">Conferencias-</subfield>
    <subfield code="y">1900-1939</subfield>
    <subfield code="9">1907</subfield>
  </datafield>
  <datafield tag="651" ind1=" " ind2="7">
    <subfield code="a">Espa&#xF1;a-</subfield>
    <subfield code="x">Condiciones rurales</subfield>
    <subfield code="2"></subfield>
    <subfield code="9">151813</subfield>
  </datafield>
  <datafield tag="710" ind1="2" ind2=" ">
    <subfield code="a">Ateneo de Madrid.</subfield>
    <subfield code="9">1875</subfield>
  </datafield>
  <datafield tag="710" ind1="0" ind2=" ">
    <subfield code="a">C&#xE1;mara Agr&#xED;cola de Madrid.</subfield>
    <subfield code="9">2354</subfield>
  </datafield>
  <datafield tag="710" ind1="0" ind2=" ">
    <subfield code="a">Asociaci&#xF3;n de Agricultores de Espa&#xF1;a.</subfield>
    <subfield code="9">1550</subfield>
  </datafield>
  <datafield tag="852" ind1=" " ind2=" ">
    <subfield code="a">ES-MaACL</subfield>
    <subfield code="j">T-1036-F-9</subfield>
  </datafield>
  <datafield tag="856" ind1=" " ind2=" ">
    <subfield code="u">http://bdh-rd.bne.es/viewer.vm?id=0000249220&amp;page=1 </subfield>
    <subfield code="z">Biblioteca Digital Hisp&#xE1;nica</subfield>
  </datafield>
  <datafield tag="999" ind1=" " ind2=" ">
    <subfield code="c">147312</subfield>
    <subfield code="d">147312</subfield>
  </datafield>
  <datafield tag="952" ind1=" " ind2=" ">
    <subfield code="0">0</subfield>
    <subfield code="1">0</subfield>
    <subfield code="4">0</subfield>
    <subfield code="7">0</subfield>
    <subfield code="8">Colecci&#xF3;n_de_folletos</subfield>
    <subfield code="a">ATENEOM</subfield>
    <subfield code="b">ATENEOM</subfield>
    <subfield code="c">DEPOF</subfield>
    <subfield code="d">2008-01-17</subfield>
    <subfield code="e">SC</subfield>
    <subfield code="l">0</subfield>
    <subfield code="o">T-1036-F-9</subfield>
    <subfield code="p">1153731</subfield>
    <subfield code="r">2023-02-23 00:00:00</subfield>
    <subfield code="w">2023-02-23</subfield>
    <subfield code="y">FOLLETOS</subfield>
  </datafield>
</record>
